000 00662nam a22002297a 4500
005 20251108172502.0
008 250721s1994 xx 000 0 ara d
082 1 4 _a320.1/ظاه
100 1 _aظاهر، أحمد
245 1 0 _aأبجديات علم السياسة /
264 1 _aعمان :
_bدار الكندي،
_c1994.
300 _a429 ص.
650 1 7 _aالسياسة
650 1 7 _aالعلوم السياسية
650 1 7 _aالدولة
650 1 7 _aالعلاقاتالدولية
650 1 7 _aالفكر السياسي
650 1 7 _aالإسلام
650 1 7 _aالإقتصاد الإسلامي
942 _2ddc
_cBK
999 _c80548
_d80548